000 01268nam a2200325 a 4500
003 BLK
005 20250509111150.0
008 180411b bul|||||r ||||||| ||bul||
010 _aKNG00214888000
020 _a9786192350925
040 _aBLK
041 _aBUL
_cBUL
072 7 _2bullib
_aН83
_xЧужда художествена литература Н
080 _aНорвежка литература
_b821.113.5
_x-312.4
_z821.113.5-312.4
084 _aД 15
100 1 _aДамхауг, Торкил
_958169
245 1 0 _aПетият сезон
_bРоман
_cТоркил Дамхауг; прев. от норв. Евгения Кръстева
257 _aNOR
260 _bСветлана Янчева - Изида
_c2022
_aСофия
300 _a576 с.
_c20 см
380 _aX
490 1 _aПоредица Скандинавски трилъри
500 _aОриг. загл. Doden ved vann / Torkil Damhaug. - Съдържа за авт.
700 _aКръстева, Евгения
_9465965
856 4 _qpdf
856 4 _qpdf
942 _cKNG
_n0
_044
944 _cТеодора Пейчева-Дянкова
_lЦветомила Тодорова
_k30576
999 _c495222
_d495222